000
00332nam a2200133 i 4500
001
bgj
245
0
0
_a
Cambridge first certificate examination practice 3 :
_b
teacher's book.
250
_a
[4th impr.].
260
_a
Cambridge,
_c
1992.
040
_c
BPK
041
_a
eng
942
_c
KS
008
s uk f |000 0 eng
999
_c
47376
_d
47376